<?xml version="1.0" encoding="UTF-8"?>
<record
    xmlns:xsi="http://www.w3.org/2001/XMLSchema-instance"
    xsi:schemaLocation="http://www.loc.gov/MARC21/slim http://www.loc.gov/standards/marcxml/schema/MARC21slim.xsd"
    xmlns="http://www.loc.gov/MARC21/slim">

  <leader>02422agaaa2200325   4500</leader>
  <controlfield tag="001">9367</controlfield>
  <controlfield tag="003">IT-RoPAU</controlfield>
  <controlfield tag="005">20220918181237.0</controlfield>
  <controlfield tag="007">d cvaizq</controlfield>
  <controlfield tag="008">50131s9999||||xx ||| |     ||   ||und||</controlfield>
  <datafield tag="040" ind1=" " ind2=" ">
    <subfield code="a">IT-RoPAU</subfield>
    <subfield code="c">IT-RoPAU</subfield>
  </datafield>
  <datafield tag="041" ind1=" " ind2=" ">
    <subfield code="a">ITALIANO</subfield>
  </datafield>
  <datafield tag="100" ind1=" " ind2=" ">
    <subfield code="a">Campiotti Giacomo</subfield>
    <subfield code="g">Codice regista SPICS: 29292</subfield>
    <subfield code="9">43822</subfield>
  </datafield>
  <datafield tag="130" ind1=" " ind2=" ">
    <subfield code="a">BAKHITA</subfield>
    <subfield code="9">43823</subfield>
  </datafield>
  <datafield tag="245" ind1=" " ind2=" ">
    <subfield code="a">BAKHITA</subfield>
    <subfield code="c">Prodotto da: Foffo P. Bifano S. -- Sceneggiatura: Soldi Filippo Gentili Filippo Gentili Dino Leonardo Campiotti G. -- Diretto da: Campiotti Giacomo</subfield>
    <subfield code="p">BAKHITA (Rif. Codice opera principale : H9367)</subfield>
  </datafield>
  <datafield tag="250" ind1=" " ind2=" ">
    <subfield code="a">Edizione Standard</subfield>
  </datafield>
  <datafield tag="260" ind1=" " ind2=" ">
    <subfield code="a">(ITALIA)</subfield>
    <subfield code="b">RAI FICTION - TITANIA PRODUZIONI / Distribuzione: MULTIMEDIA SAN PAOLO</subfield>
    <subfield code="g">"2009 (1&#xB0; ed.: 2009 ; Ed. Lingua Orig.: 2009)"</subfield>
  </datafield>
  <datafield tag="300" ind1=" " ind2=" ">
    <subfield code="a">DVD</subfield>
    <subfield code="b">sonoro, col.</subfield>
    <subfield code="c">207 minuti</subfield>
  </datafield>
  <datafield tag="508" ind1=" " ind2=" ">
    <subfield code="a">"Fotografia: Giurato Blasco; Montaggio: Paggi Simona; Musica: Lentini Stefano; Sceneggiatura: Soldi Filippo Gentili Filippo Gentili Dino Leonardo Campiotti G.; Scenografia: Luppi Marco; Soggetto: Soldi Filippo -- Gentili Filippo"</subfield>
  </datafield>
  <datafield tag="511" ind1=" " ind2=" ">
    <subfield code="a">"Kine; Boye Fatou; Sartor Fabio; Salvi Francesco; Fremont Ludovico; Bergamasco Sonia"</subfield>
  </datafield>
  <datafield tag="520" ind1=" " ind2=" ">
    <subfield code="a">FILM TV TRASMESSO DA RAIUNO IL 5 APRILE 2009. NEL CONVENTO DELLE CANOSSIANE GIUNGE UNA DISTINTA SIGNORE, AURORA MARIN, RICHIAMATA DAL CATTIVO STATO DI SALUTE DI SUOR BAKHITA UNA SUORA DI COLORE SPENTASI IN REALTA' DA POCHI GIORNI. AURORA LA CONOSCEVA BENE E NE RACCONTA L'INCREDIBILE STORIA ALLA FIGLIA CHE L'HA ACCOMPAGNATA NEL VIAGGIO. BAKHITA, NATA NEL 1869 IN UN VILLAGGIO SUDANESE, ANCORA BAMBINA VIENE RAPITA DAI NEGRIERI CHE LA VENDONO A UN GENERALE TURCO. IN QUELLA CASA TRASCORRE DIECI ANNI DI UMILIAZIONI SINO A CHE FEDERICO MARIN UN RICCO COMMERCIANTE ITALIANO, ATEO E AVVENTURIERO, LE SALVA LA VITA E LA PORTA CON SE' A ZIANIGO, UN PAESINO DEL VENETO DOVE ABITA INSIEME ALLA FIGLIA DI OTTO ANNI, AURORA, BAMBINA MALATA E SOLA... BIOGRAFIA DELLA SANTA AFRICANA.</subfield>
  </datafield>
  <datafield tag="538" ind1=" " ind2=" ">
    <subfield code="a">PAL, STEREO</subfield>
  </datafield>
  <datafield tag="546" ind1=" " ind2=" ">
    <subfield code="a">ITALIANO</subfield>
  </datafield>
  <datafield tag="650" ind1=" " ind2=" ">
    <subfield code="a">BIOGRAFICO</subfield>
    <subfield code="e">DVD-FILM [DVD]</subfield>
    <subfield code="x">Codice MATERIA SPICS: 9947</subfield>
    <subfield code="9">37079</subfield>
  </datafield>
  <datafield tag="700" ind1=" " ind2=" ">
    <subfield code="a">Campiotti Giacomo </subfield>
    <subfield code="e">(regista)</subfield>
    <subfield code="g">Codice regista SPICS: 29292</subfield>
    <subfield code="9">43824</subfield>
  </datafield>
  <datafield tag="700" ind1=" " ind2=" ">
    <subfield code="a">Gentili Filippo </subfield>
    <subfield code="e">(soggetto)</subfield>
    <subfield code="g">Codice Soggetto 2&#xB0; SPICS: 59740</subfield>
    <subfield code="9">43825</subfield>
  </datafield>
  <datafield tag="700" ind1=" " ind2=" ">
    <subfield code="a">Lentini Stefano</subfield>
    <subfield code="e">(musica)</subfield>
    <subfield code="g">Codice Musica SPICS: 59741</subfield>
    <subfield code="9">43826</subfield>
  </datafield>
  <datafield tag="700" ind1=" " ind2=" ">
    <subfield code="a">Soldi Filippo </subfield>
    <subfield code="e">(soggetto)</subfield>
    <subfield code="g">Codice Soggetto SPICS: 59739</subfield>
    <subfield code="9">43827</subfield>
  </datafield>
  <datafield tag="942" ind1=" " ind2=" ">
    <subfield code="c">DV</subfield>
    <subfield code="2">ddc</subfield>
  </datafield>
  <datafield tag="999" ind1=" " ind2=" ">
    <subfield code="c">105872</subfield>
    <subfield code="d">105872</subfield>
  </datafield>
  <datafield tag="952" ind1=" " ind2=" ">
    <subfield code="0">0</subfield>
    <subfield code="1">0</subfield>
    <subfield code="4">0</subfield>
    <subfield code="6">H_9367_000000000000000</subfield>
    <subfield code="7">1</subfield>
    <subfield code="a">SPICS</subfield>
    <subfield code="b">SPICS</subfield>
    <subfield code="d">2015-01-31</subfield>
    <subfield code="l">0</subfield>
    <subfield code="o">H9367</subfield>
    <subfield code="r">2015-01-31 00:00:00</subfield>
    <subfield code="w">2015-01-31</subfield>
    <subfield code="y">DV</subfield>
    <subfield code="z">Progr. Ins.: 3852 / N.Vol.:2 / Copie: 2 / Pag.:0 / Copia rara: n.d. / date import: 1.2.2015 / By Epidotti, Trombetti, Vaglietti</subfield>
  </datafield>
</record>
